000 00491nam a2200169Ia 4500
003 OSt
005 20200812105414.0
008 190216s9999||||xx |||||||||||||| ||und||
020 _a8122500331
040 _coclc
082 _a519.5
_bELH/P
100 _aElhance, D N
_94045
245 0 _aPractical Problems In Statistics /
_cD N Elhance ; Veena Elhance
260 _bKitab Mahal,
_c2002.
_aAllahabad:
300 _a623p
942 _cBK
_2ddc
_h519.5
_iELH/P
_k519.5
_mELH/P
999 _c6347
_d6347